| 000 | 01268nam a2200433 i 4500 | ||
|---|---|---|---|
| 001 | 48391 | ||
| 003 | KOSZ 005 | ||
| 005 | 20191002141625.0 | ||
| 008 | 030303s2001 uk f f |000 0 eng d | ||
| 020 | _a0582429757 | ||
| 040 |
_cKOSZ 005 _aKOSZ 005 _dKOSZ 005/HR |
||
| 041 | 0 | _aeng | |
| 046 | _k2000 | ||
| 080 | _a811.111'355 | ||
| 100 |
_aKelly, Gerard. _eAutor |
||
| 245 | 1 | 0 |
_aHow to teach pronunciation / _cGerald Kelly. |
| 246 | 3 | 0 | _aTeach pronunciation |
| 250 | _a[2nd impr]. | ||
| 260 |
_aHarlow : _bLongman, _c2001. |
||
| 300 |
_aVI, 154 s. : _bil. ; _c25 cm + _eCD ROM |
||
| 336 |
_2rdacontent _aTekst _btxt |
||
| 337 |
_2rdamedia _aBez urządzenia pośredniczącego _bn |
||
| 338 |
_2rdacarrier _aWolumin _bnc |
||
| 380 | _aKsiążki | ||
| 380 | _aPublikacje dydaktyczne | ||
| 385 | _aNauczyciele języków | ||
| 388 | _a2001- | ||
| 490 | 1 | _aHow To | |
| 504 | _aBibliogr. | ||
| 650 | 4 | _aWymowa | |
| 658 | _aJęzykoznawstwo | ||
| 658 | _aEdukacja i pedagogika | ||
| 650 | 4 | _aJęzyk angielski | |
| 655 | 4 | _aPodręcznik | |
| 650 | 4 | _aNauczanie | |
| 830 | 0 | _aHow To | |
| 856 |
_uhttp://koha.tu.koszalin.pl/cgi-bin/koha/opac-detail.pl?biblionumber=48391 _yKatalog online BPK |
||
| 942 |
_cKS _2UKD |
||
| 999 |
_c48391 _d48391 |
||